Cartografia històrica de l'Anoia /
MARC
| LEADER | 00000nam a2200000 i 4500 | ||
|---|---|---|---|
| 001 | 26259 | ||
| 005 | 20260324181130.0 | ||
| 008 | 170216e201611 spc|||| ||||o0|0 0 cat| | ||
| 015 | |a LL2017 |2 bnc | ||
| 017 | |a DL B 21021-2016 |b Biblioteca de Catalunya | ||
| 020 | |a 9788461750535 | ||
| 080 | |a Bib-806 | ||
| 100 | |a Bartrolí i Romeu, Marta |e autor |9 53869 | ||
| 245 | 1 | 0 | |a Cartografia històrica de l'Anoia / |c Marta Bartrolí, Isidre Surroca |
| 250 | |a Segona edició | ||
| 264 | 1 | |a La Pobla de Claramunt : |b Ajuntament de la Pobla de Claramunt, |c novembre de 2016 | |
| 300 | |a 107 pàgines : |b il·lustrracions, mapes ; |c 21 x 24 cm + |e 1 disc òptic (DVD) | ||
| 336 | |a text |b txt |2 rdacontent | ||
| 336 | |a imatge fixa |b sti |2 rdacontent | ||
| 337 | |a sense mediació |b n |2 rdamedia | ||
| 337 | |a àudio |b s |2 rdamedia | ||
| 338 | |a volum |b nc |2 rdacarrier | ||
| 338 | |a disc àudio |b sd |2 rdacarrier | ||
| 651 | 0 | |a Anoia (Catalunya) |v Mapes |9 53870 | |
| 651 | 0 | |a Anoia (Catalunya) |2 lemac |9 53871 |v Mapes |y Obres anteriors al 1800 | |
| 651 | 0 | |a Pobla de Claramunt (Catalunya) |x Mapes. |2 lemac |v Mapes | |
| 651 | 0 | |a Pobla de Claramunt (Catalunya) |2 lemac |9 53873 |v Mapes |y Obres anteriors al 1800 | |
| 651 | 0 | |a Pobla de Claramunt (Catalunya) |x Població |x Història |x Fonts |2 lemac |9 53874 | |
| 700 | |a Surroca, Isidre, |d 1952- |9 44061 |e autor | ||
| 710 | 1 | |a Pobla de Claramunt (Catalunya). |b Ajuntament |9 53875 | |
| 908 | |a BC |a ANC |a ICGC |a BMON | ||
| 940 | |a BC | ||
| 942 | |2 udc |c ARXIU |n 1 | ||
| 952 | |0 0 |1 0 |4 0 |6 BIB806 |7 1 |9 62792 |a Arxiu |b Arxiu |d 2022-07-15 |l 0 |o Bib-806 |p 26259 |r 2022-07-15 00:00:00 |w 2022-07-15 |y ARXIU | ||
| 999 | |c 82282 |d 82282 | ||